000 00531nab a2200145 4500
003 ES-SlBCS
005 20210327231159.0
008 140722s2014 sp ||||| |||| 00| 0 spa d
040 _aES-SlBCS
_bspa
100 1 0 _aEscandell, José J.
_95473
245 1 3 _aLa unidad fundamental de la obra mayor de Antonio Millán-Puelles
_cJosé J. Escandell
600 1 0 _aMillán Puelles, Antonio
_d, 1921-2005
_xCrítica e interpretación
_9124174
773 0 _gVol. 73, Nº 147, 2014, págs. 69-98
_tEspíritu
_wRev182
_x0014-0716
942 _2lcc
_cAR
999 _c847890
_d847890